• 首页
  • 本馆介绍
  • 公告通知
  • 最新文献
  • 馆藏检索
  • 电子资源
  • 读者导购
  • 参考咨询
  • 我的图书馆
  • 登录
  • 详细信息显示
  • 放入我的书架
  • 预约/预借图书
  • 作者相关作品
  • 分类相关作品
  • 丛书相关作品
  • 出版社相关作品

书目信息

  • 表格格式
  • 工作单格式
  • 卡片格式
题名:
体育美学
    
 
作者: 金大陆 著
分册:  
出版信息: 北京   中国青年出版社  1990.08
页数: 234页
开本: 20cm
丛书名: 现代体育科学丛书
单 册:
中图分类: G802
科图分类:
主题词: 体育美学
电子资源:
ISBN: 7-5006-0739-3
000 00664nam2 2200253 45
001 0187003207
005 20041103093252.6
010    @a7-5006-0739-3@dCNY3.50
100    @a19900830d1990 em y0chiy0121 ea
101 0  @achi
102    @aCN@b510000
105    @ac z 000yy
106    @ar
200 10 @a体育美学@Ati yu mei xue@f金大陆著@FJin Da Lu Zhu
210    @a北京@c中国青年出版社@d1990.08
215    @a234页@d20cm
225 2  @a现代体育科学丛书
410  0 @120010@a现代体育科学丛书
606    @a体育美学
690    @aG802@v3
701  0 @a金大陆@4著
801  0 @aCN@b深圳图书馆@c20040920
801  2 @aCN@bNLC@c20040920
905    @f1@b232571@dG802@e85
    
    体育美学/金大陆著.-北京:中国青年出版社,1990.08
    234页;20cm.-(现代体育科学丛书)
    
    
    ISBN 7-5006-0739-3:CNY3.50
    
●
相关链接 在E读中查询图书 在五车中查询图书 在当当中查询图书 在豆瓣中查询图书


正题名:体育美学     索取号:G802/85         预约/预借

序号 登录号 条形码 馆藏地/架位号 状态 备注
1 0232571   001961005   密集书库/ [索取号:G802/85] 在馆    
2 0232572   000298181   第一样本阅览室/ [索取号:G802/85] 在馆    
3 0269566   000297164   密集书库/ [索取号:G802/85] 在馆    
唐山师范学院图书馆 欢迎您!
大连网信软件有限公司© 版权所有